Guess the Taylor Swift Song (Debut) 8 - Statistics

General Stats
  • This quiz has been taken 9 times
  • The average score is 223 of 330
Answer Stats
Answer % Correct
I
100%
when
100%
you
100%
You
100%
A
83%
and
83%
And
83%
at
83%
be
83%
do
83%
I'll
83%
In
83%
in
83%
Just
83%
look
83%
my
83%
on
83%
said,
83%
said
83%
Said
83%
that
83%
the
83%
The
83%
time
83%
time,
83%
you'll
83%
about
67%
After
67%
all
67%
back
67%
beat
67%
But
67%
cried
67%
did,
67%
did
67%
down
67%
eighty-nine
67%
eighty-seven;
67%
girl
67%
got
67%
home
67%
house
67%
is
67%
kiss
67%
like
67%
looked
67%
love
67%
me
67%
me,
67%
need
67%
never
67%
of
67%
oh
67%
Oh
67%
one
67%
our
67%
Our
67%
ran
67%
She
67%
so
67%
stars
67%
still
67%
Take
67%
than
67%
They
67%
this
67%
to
67%
too
67%
tree
67%
tried
67%
up
67%
up,
67%
us
67%
used
67%
walked
67%
was
67%
wasn't
67%
we
67%
We
67%
we'd
67%
were
67%
where
67%
you'd
67%
your
67%
aisle
50%
A.M.
50%
backyard
50%
believed
50%
bigger
50%
came
50%
come
50%
dared
50%
eyes
50%
fall
50%
falling
50%
favorite
50%
fight
50%
first
50%
front
50%
gone
50%
had
50%
joke
50%
kids,
50%
kissing
50%
knee
50%
light
50%
lights
50%
little
50%
mamas
50%
many
50%
met
50%
next
50%
nine
50%
outside
50%
porch
50%
really
50%
see
50%
seven
50%
shine
50%
sixteen
50%
sky,
50%
smiled
50%
stayed
50%
town
50%
two
50%
Two
50%
very
50%
Well,
50%
We'll
50%
whole
50%
world
50%
around
33%
babies
33%
beds
33%
before
33%
block
33%
creek
33%
daddies
33%
doors
33%
few
33%
goodnight
33%
Growing
33%
instead
33%
morning
33%
pretty
33%
riding
33%
rock
33%
rolled
33%
shined
33%
sitting
33%
slamming
33%
spot
33%
suddenly
33%
their
33%
till
33%
truck
33%
turned
33%
wide
33%
years
33%
No matching quizzes found
Score Distribution
Percent of People with Each Score
Percentile by Number Answered
Your Score History
You have not taken this quiz